Fictional Families - Statistics

General Stats
  • This quiz has been taken 24 times
  • The average score is 9 of 24
Answer Stats
Picture Answer % Correct
Addams
100%
Simpson
100%
Weasley
86%
Brady
82%
Griffin
77%
Dunphy
55%
Focker
55%
Tanner
55%
Geller
41%
Stark
36%
Bluth
23%
Brown
23%
Byers
23%
Delgado / Pritchett
23%
Tucker / Pritchett
23%
Banks
18%
Barton
18%
Gallagher
18%
Parr
14%
Wheeler
14%
Heffley
9%
Cameron
5%
Baxter
0%
McKellan
0%
No matching quizzes found
Score Distribution
Percent of People with Each Score
Percentile by Number Answered
Your Score History
You have not taken this quiz